Les équipes qui jouent en rouge ! - Statistiques

Statistiques générales
  • Ce quiz a été pris 97 fois
  • Le résultat moyen est 7 sur 15
Statistiques - réponses
Pays Clubs % Correct
Angleterre Manchester United
91%
Angleterre Liverpool
85%
Allemagne Bayern
78%
Italie Ac milan
75%
Portugal Benfica
62%
Angleterre Arsenal
58%
Espagne Barcelone
58%
Espagne Atletico madrid
54%
France Monaco
49%
Italie As Roma
39%
Espagne Bilbao
35%
France Lens
29%
Ecosse Rangers
17%
Angleterre Southampton
12%
Espagne Celta Vigo
1%
Aucun quiz correspondant
Distribution des résultats
% des personnes avec chaque résultat
Percentile par nombre de réponses
Votre historique - résultats
Vous n’avez pas pris ce quiz